One syllable animals - Statistics

General Stats
  • This quiz has been taken 72 times
    32 since last reset
  • The average score is 73 of 210
Answer Stats
Animal % Correct
cat
100%
cow
100%
dog
100%
fish
100%
bee
95%
goat
95%
pig
95%
snake
95%
bird
89%
bull
89%
fly
89%
fox
89%
frog
89%
rat
89%
sheep
89%
ant
84%
bat
84%
bear
84%
deer
84%
kit
84%
wasp
84%
hawk
79%
kid
79%
mouse
79%
ram
79%
toad
79%
ape
74%
bug
74%
crow
74%
duck
74%
eel
74%
ewe
74%
fawn
74%
hare
74%
hen
74%
horse
74%
lamb
74%
mole
74%
pup
74%
shark
74%
swan
74%
whale
74%
wolf
74%
doe
68%
goose
68%
jay
68%
mare
68%
moth
68%
seal
68%
vole
68%
asp
63%
ass
63%
boar
63%
crab
63%
dove
63%
hog
63%
stag
63%
tick
63%
tit
63%
worm
63%
yak
63%
chick
58%
gnu
58%
mule
58%
newt
58%
sow
58%
calf
53%
cock
53%
fowl
53%
kite
53%
mink
53%
ox
53%
shrimp
53%
skink
53%
snail
53%
stoat
53%
clam
47%
cub
47%
elk
47%
flea
47%
lynx
47%
rook
47%
auk
42%
buck
42%
finch
42%
gull
42%
moose
42%
quail
42%
slug
42%
stork
42%
cod
37%
colt
37%
crane
37%
gnat
37%
koi
37%
louse
37%
squid
37%
tom
37%
whelp
37%
bitch
32%
chimp
32%
foal
32%
lark
32%
shrike
32%
swine
32%
wren
32%
bass
26%
leech
26%
ray
26%
roach
26%
snipe
26%
thrush
26%
carp
21%
conch
21%
dhole
21%
gar
21%
shrew
21%
squirrel
21%
swift
21%
trout
21%
eft
16%
grub
16%
olm
16%
skate
16%
ai
11%
fry
11%
jack
11%
mite
11%
pen
11%
pike
11%
skunk
11%
sponge
11%
awl
5%
bib
5%
bream
5%
chat
5%
chub
5%
cob
5%
coot
5%
dom
5%
drake
5%
fluke
5%
grig
5%
grunt
5%
jill
5%
kob
5%
koel
5%
krill
5%
midge
5%
nymph
5%
perch
5%
salp
5%
smelt
5%
sole
5%
stud
5%
tang
5%
thrip
5%
tur
5%
whelk
5%
barb
0%
bleak
0%
brill
0%
char
0%
chough
0%
crake
0%
cusk
0%
dab
0%
dace
0%
doop
0%
douc
0%
drill
0%
drum
0%
gaur
0%
ghoul
0%
grebe
0%
guan
0%
hake
0%
ide
0%
jird
0%
ked
0%
krait
0%
ling
0%
loach
0%
mohr
0%
nase
0%
orfe
0%
pope
0%
prawn
0%
quoll
0%
rail
0%
reem
0%
rudd
0%
ruffe
0%
scat
0%
scup
0%
shad
0%
shag
0%
shoat
0%
snook
0%
sprat
0%
stilt
0%
stint
0%
tahr
0%
teal
0%
tench
0%
tern
0%
tope
0%
whiff
0%
white
0%
ziege
0%
No matching quizzes found
Score Distribution
Percent of People with Each Score
Percentile by Number Answered
Your Score History
You have not taken this quiz since the last reset